Praktický průvodce karnetem ATA

Salvato in:
Dettagli Bibliografici
Natura: Libro
Lingua:ceco
Pubblicazione: Praha Československá obchodní a průmyslová komora [1990]
Soggetti:
Tags: Aggiungi Tag
Nessun Tag, puoi essere il primo ad aggiungerne!!

MARC

LEADER 00000nam a2200000 4500
001 c001370
005 20250515081929.7
041 0 |a cze 
044 |a CZ 
245 1 0 |a Praktický průvodce karnetem ATA 
264 1 |a Praha  |b Československá obchodní a průmyslová komora  |c [1990] 
300 |a 23 s. 
610 2 0 |a dovoz 
610 2 0 |a vývoz 
610 2 0 |a clá